000 00962nam a2200241 i 4500
001 125080
003 ES-MaACL
005 20230906192540.0
007 t|
008 070503s1932 sp ||||1| spa d
100 1 _aCadenas, José Juan.
_933383
245 1 0 _aNo hay quien engañe a Antonieta
_b: adaptación española del vodevil en tres actos de Hennequín y Weber /
_cCadenas y Gutiérrez-Roig ; dibujos de Mariano Ozores.
260 _aMadrid :
_bRibadeneyra,
_c1932.
300 _a80 p. ;
_c17 cm.
490 1 _aLa Farsa ;
_v264
500 _aEstrenada en el Teatro Eslava, de Madrid, el día 3 de diciembre de 1931.
500 _aCubierta de este número: Irene Guerrero de Luna y Mariano Ozores en una escena de No hay quien engañe a Antonieta.
700 1 _aOzores, Mariano.
_988075
700 1 _aGutiérrez-Roig, Enrique F.
_961218
830 0 _aLa Farsa ;
_v264
_9185863
852 _aES-MaACL
_j2229-F-10
_bR.140843
999 _c125080
_d125080